| 000 | 00919cam a2200265 4500 | ||
|---|---|---|---|
| 001 | 18738 | ||
| 003 | BD-RjUL | ||
| 005 | 20211209000328.0 | ||
| 008 | 140222s1966 enkc b 001 0 eng | ||
| 035 | _a(BD-RjUL)18796 | ||
| 040 |
_aDLC _cDLC _dDLC _dBD-RjUL _beng |
||
| 041 | _aeng | ||
| 082 | 0 | 0 |
_a827.408 _bPIP 1966 |
| 100 | 1 |
_aPinto, Vivian de Sola, _d1895-1969, _957743 |
|
| 245 | 1 | 0 |
_aPoetry of the Restoration, 1653-1700 / _cedited with an introduction, commentary and notes by Vivian de Sola Pinto. |
| 260 |
_aLondon : _bHeinemann, _cc1966. |
||
| 300 |
_aix, 134 p. : _bfront. (port.). ; _c19 1/2 cm. |
||
| 490 | 0 | _aThe Poetry bookshelf | |
| 504 | _aIncludes bibliography (p. 13) and index. | ||
| 650 | 0 |
_aEnglish poetry _yEarly modern, 1500-1700. _94392 |
|
| 651 | 0 |
_aGreat Britain _xHistory _yRestoration, 1660-1688 _xPoetry. _957744 |
|
| 942 |
_2ddc _cBK |
||
| 999 |
_c18738 _d18738 |
||